हिंदी दलित साहित्य का इतिहास / (Record no. 200906)
[ view plain ]
| 000 -LEADER | |
|---|---|
| fixed length control field | 01151nam a22002057a 4500 |
| 005 - DATE AND TIME OF LATEST TRANSACTION | |
| control field | 20240222111433.0 |
| 010 ## - LCCN (DPL NO) | |
| LC control number | B-757500-501 |
| 020 ## - INTERNATIONAL STANDARD BOOK NUMBER | |
| International Standard Book Number | 9789391916886 (भाग-1) |
| Terms of availability | 6500.00 |
| 035 ## - SYSTEM CONTROL NUMBER | |
| System control number | B-757500-501 |
| 037 ## - SOURCE OF ACQUISITION | |
| Source of stock number/acquisition | स्वराज प्रकाशन |
| 082 ## - DEWEY DECIMAL CLASSIFICATION NUMBER | |
| Classification number | 820.0355 |
| 100 ## - MAIN ENTRY--PERSONAL NAME | |
| Personal name | नैमिशराय. मोहनदास |
| 245 ## - TITLE STATEMENT | |
| Title | हिंदी दलित साहित्य का इतिहास / |
| Statement of responsibility, etc | मोहनदास नैमिशराय |
| 260 ## - PUBLICATION, DISTRIBUTION, ETC. (IMPRINT) | |
| Place of publication, distribution, etc | नई दिल्ली |
| Name of publisher, distributor, etc | स्वराज प्रकाशन |
| Date of publication, distribution, etc | 2023 |
| 270 ## - ADDRESS | |
| Address | 4648/1, 21, अंसारी रोड दरियागंज |
| City | नई दिल्ली |
| Postal code | 110002 |
| 300 ## - PHYSICAL DESCRIPTION | |
| Extent | 982 पृ.. |
| Dimensions | 23सेमी (सजिल्द) |
| 490 ## - SERIES STATEMENT | |
| Series statement | भाग 1 |
| 942 ## - ADDED ENTRY ELEMENTS (KOHA) | |
| Source of classification or shelving scheme | Dewey Decimal Classification |
| Item type | Hindi Books |
| Classification part | 820.0355 |
| Call number suffix | नैमिश |
| Withdrawn status | Lost status | Not for loan | Collection code | Home library | Current library | Date acquired | Source of acquisition | Cost, normal purchase price | Full call number | Barcode | Copy number | Cost, replacement price | Koha item type |
|---|---|---|---|---|---|---|---|---|---|---|---|---|---|
| Non-fiction | Central Library | Central Library | 22/02/2024 | स्वराज प्रकाशन/299/12.1.24/155/9.1.24/16.1.24 | 6500.00 | 820.0355 नैमिश | B-757500 | 1 | 6500.00 | Hindi Books | |||
| Non-fiction | Sarojini Nagar | Sarojini Nagar | 22/02/2024 | स्वराज प्रकाशन/299/12.1.24/155/9.1.24/16.1.24 | 6500.00 | 820.0355 नैमिश | B-757501 | 1 | 6500.00 | Hindi Books |
